• 首页
  • 本馆介绍
  • 公告通知
  • 最新文献
  • 馆藏检索
  • 电子资源
  • 读者导购
  • 参考咨询
  • 我的图书馆
  • 登录
  • 详细信息显示
  • 放入我的书架
  • 预约/预借图书
  • 作者相关作品
  • 分类相关作品
  • 丛书相关作品
  • 出版社相关作品

书目信息

  • 表格格式
  • 工作单格式
  • 卡片格式
题名:
主题公园营销模式与技术
    
 
作者: 郑维 , 董观志 著
分册:  
出版信息: 北京   中国旅游出版社  2005
页数: 12,406页
开本: 23cm
丛书名:
单 册:
中图分类: G246 , F590.8
科图分类:
主题词: 主题--公园--市场营销学 , 主题 , 公园 , 市场营销学
电子资源:
ISBN: 7-5032-2657-9
000 01024nam0 2200301 450
001 003032018
005 20091202090055.28
010    @a7-5032-2657-9@dCNY32.00
100    @a20051103d2005 em y0chiy0110 ea
101 0  @achi
102    @aCN@b110000
105    @ay z 001yy
106    @ar
200 1  @a主题公园营销模式与技术@9zhu ti gong yuan ying xiao mo shi yu ji shu@f郑维,董观志著
210    @a北京@c中国旅游出版社@d2005
215    @a12,406页@d23cm
330    @a本书由营销理念、营销模式、营销管理和营销技术四部分组成,提出了主题公园的10个关键判据及市场营销的游客导向理念和P&C业务流程;构建了主题公园市场营销创新模式,探讨了主题公园的营销管理,论述了主题公园的11个营销技术。
606 0  @a主题@x公园@x市场营销学
606 0  @a主题
606 0  @a公园
606 0  @a市场营销学
610 0  @a主题公园
690    @aG246@v4
690    @aF590.8@v4
701  0 @a郑维@9zheng wei@c(市场营销学)@4著
701  0 @a董观志@9dong guan zhi@f(1965~)@4著
801  0 @aCN@bNLC@c20091202
905    @b794530-34@dG246@e9@f5
    
    主题公园营销模式与技术/郑维,董观志著.-北京:中国旅游出版社,2005
    12,406页;23cm
    
    
    ISBN 7-5032-2657-9:CNY32.00
    本书由营销理念、营销模式、营销管理和营销技术四部分组成,提出了主题公园的10个关键判据及市场营销的游客导向理念和P&C业务流程;构建了主题公园市场营销创新模式,探讨了主题公园的营销管理,论述了主题公园的11个营销技术。
●
相关链接 在E读中查询图书 在五车中查询图书 在当当中查询图书 在豆瓣中查询图书


正题名:主题公园营销模式与技术     索取号:G246/9         预约/预借

序号 登录号 条形码 馆藏地/架位号 状态 备注
1 794530   207945303   第一样本阅览室/ [索取号:G246/9] 在馆    
2 794531   207945312   第四借阅区/ [索取号:G246/9] 在馆    
3 794532   207945321   第四借阅区/ [索取号:G246/9] 在馆    
4 794533   207945330   第四借阅区/ [索取号:G246/9] 在馆    
5 794534   207945349   密集书库-资源管理系/ [索取号:G246/9] 在馆    
唐山师范学院图书馆 欢迎您!
大连网信软件有限公司© 版权所有